Влияния модифицирования стали 110Г13Л на средний размер зерен и включений; Перспективы развития фундаментальных наук; Т. 1 : Физика
| Parent link: | Перспективы развития фундаментальных наук=Prospects of Fundamental Sciences Development: сборник научных трудов XIV Международной конференции студентов, аспирантов и молодых ученых, г. Томск, 25-28 апреля 2017 г./ Национальный исследовательский Томский политехнический университет (ТПУ) ; под ред. И. А. Курзиной, Г. А. Вороновой.— , 2017 Т. 1 : Физика.— 2017.— [С. 99-101] |
|---|---|
| Autore principale: | |
| Altri autori: | |
| Riassunto: | Заглавие с экрана In this paper, was studied the effect of ultrafine powder TiO2, ZrO2, Na3AlF6 and cryolite on the microstructure of steel 1,1C-13Mn-Fe. Quantitatively were studied inclusions and grain sizes. The average grain size in the non-modified samples was ~ 120 μm, the average size of inclusions along the grain boundaries ~12 μm in grain ~ 11 μm. The average grain size in the modified samples was ~ 99 μm, the average size of inclusions along the grain boundaries ~ 2,6 μm in grain ~ 9,6 μm. |
| Lingua: | russo |
| Pubblicazione: |
2017
|
| Soggetti: | |
| Accesso online: | http://earchive.tpu.ru/handle/11683/44146 |
| Natura: | MixedMaterials Elettronico Capitolo di libro |
| KOHA link: | https://koha.lib.tpu.ru/cgi-bin/koha/opac-detail.pl?biblionumber=624353 |
MARC
| LEADER | 00000naa2a2200000 4500 | ||
|---|---|---|---|
| 001 | 624353 | ||
| 005 | 20231101133316.0 | ||
| 035 | |a (RuTPU)RU\TPU\conf\23613 | ||
| 035 | |a RU\TPU\conf\23611 | ||
| 090 | |a 624353 | ||
| 100 | |a 20171121d2017 k y0rusy50 ca | ||
| 101 | 0 | |a rus |d eng | |
| 102 | |a RU | ||
| 105 | |a y z 100zy | ||
| 135 | |a drcn ---uucaa | ||
| 181 | 0 | |a i | |
| 182 | 0 | |a b | |
| 200 | 1 | |a Влияния модифицирования стали 110Г13Л на средний размер зерен и включений |d Effect of modification on steel 1,1C-13Mn-Fe on average size of grain and inclutions |f Т. В. Демент |g науч. рук. И. А. Курзина | |
| 203 | |a Текст |c электронный | ||
| 230 | |a 1 компьютерный файл (pdf; 449 Kb) | ||
| 300 | |a Заглавие с экрана | ||
| 320 | |a [Библиогр.: с. 101 (3 назв.)] | ||
| 330 | |a In this paper, was studied the effect of ultrafine powder TiO2, ZrO2, Na3AlF6 and cryolite on the microstructure of steel 1,1C-13Mn-Fe. Quantitatively were studied inclusions and grain sizes. The average grain size in the non-modified samples was ~ 120 μm, the average size of inclusions along the grain boundaries ~12 μm in grain ~ 11 μm. The average grain size in the modified samples was ~ 99 μm, the average size of inclusions along the grain boundaries ~ 2,6 μm in grain ~ 9,6 μm. | ||
| 461 | 1 | |0 (RuTPU)RU\TPU\conf\21388 |t Перспективы развития фундаментальных наук |l Prospects of Fundamental Sciences Development |o сборник научных трудов XIV Международной конференции студентов, аспирантов и молодых ученых, г. Томск, 25-28 апреля 2017 г. |o в 7 т. |f Национальный исследовательский Томский политехнический университет (ТПУ) ; под ред. И. А. Курзиной, Г. А. Вороновой |d 2017 | |
| 463 | 1 | |0 (RuTPU)RU\TPU\conf\21389 |t Т. 1 : Физика |v [С. 99-101] |d 2017 | |
| 510 | 1 | |a Effect of modification on steel 1,1C-13Mn-Fe on average size of grain and inclutions |z eng | |
| 610 | 1 | |a электронный ресурс | |
| 610 | 1 | |a машиностроение | |
| 610 | 1 | |a износостойкость | |
| 610 | 1 | |a марганцовистые стали | |
| 610 | 1 | |a сталь Гадфильда | |
| 610 | 1 | |a неметаллические включения | |
| 700 | 1 | |a Демент |b Т. В. | |
| 702 | 1 | |a Курзина |b И. А. |4 727 | |
| 801 | 2 | |a RU |b 63413507 |c 20171204 |g RCR | |
| 856 | 4 | |u http://earchive.tpu.ru/handle/11683/44146 | |
| 942 | |c BK | ||